| 000 | 00512nam a2200169Ia 4500 | ||
|---|---|---|---|
| 003 | GCL | ||
| 008 | 140319s9999 xx 000 0 eng d | ||
| 040 |
_aGCL / _cGCL |
||
| 082 | 0 | 4 |
_a443.21 _bA C |
| 100 | 1 | _aATKINS, BERYL T | |
| 245 | 1 | 0 |
_aCOLLINS - ROBERT FRENCH,ENGLISH - FRENCH DICTIONARY / _cATKINS, BERYL T |
| 260 |
_a[S.N] : _bHARPER COLLINS COLLEGE PUBLISBERS ، _c1987 |
||
| 300 | _a962 | ||
| 650 | 0 | 4 | _aENGLISH LANGUAGE |
| 650 | 0 | 4 | _aFRENCH LANGUAGE - DICTIONARIES - ENCYCLOPEDIAS |
| 942 |
_2ddc _cBK |
||
| 999 |
_c24436 _d24436 |
||